=LDR 00000nam 2200000 4500 =001 INLIS000000000040209 =005 20240201113309 =035 ##$$a 0010-061300000040209 =008 240201################g##########0#ind## =041 ##$$a Ind =082 ##$$a 813 =090 ##$$a 813, Cla j =100 #$$a Susanna Clark =245 1#$$a Jonathan strange & Mr Norrell : $b Jilid 1 /$c Susanna Clark; Alih bahasa, Femmi syahrani ;Editor, Dini pandia =260 ##$$a Jakarta :$b Gramedia Pustaka Utama,$c 2009 =300 ##$$a 332 hlm : $b Ilus ; $c 13,5 x 20 Cm =650 #4$$a Fiksi Dewasa =850 ##$$a NBPNMAT =020 ##$$a 979-979-22-4772-5 =084 ##$$a 813 Sus j =250 ##$$a Jil. 1 =990 ##$$a 21112473 =990 ##$$a 2111247414 =990 ##$$a 211124724 =990 ##$$a 21112476 =990 ##$$a 211124774 =990 ##$$a 21112478 =990 ##$$a 21112470 =990 ##$$a 21112473 =990 ##$$a 2111247414 =990 ##$$a 211124724 =990 ##$$a 21112476 =990 ##$$a 211124774 =990 ##$$a 21112478 =990 ##$$a 21112478 =990 ##$$a 21112470 =990 ##$$a 21112473 =990 ##$$a 2111247414 =990 ##$$a 211124724 =990 ##$$a 21112476 =990 ##$$a 211124774 =990 ##$$a 2111247414 =990 ##$$a 21112470 =990 ##$$a 21112473 =990 ##$$a 211124724 =990 ##$$a 21112476 =990 ##$$a 211124774 =990 ##$$a 21112478 =990 ##$$a 21112474 =990 ##$$a 21112470 =990 ##$$a 21112473 =990 ##$$a 211124724 =990 ##$$a 21112476 =990 ##$$a 211124774 =990 ##$$a 21112478 =990 ##$$a 21112478 =990 ##$$a 21112470 =990 ##$$a 21112473 =990 ##$$a 21112474 =990 ##$$a 211124724 =990 ##$$a 21112476 =990 ##$$a 211124774 =990 ##$$a 211124774 =990 ##$$a 21112470 =990 ##$$a 21112473 =990 ##$$a 21112474 =990 ##$$a 211124724 =990 ##$$a 21112476 =990 ##$$a 21112478 =990 ##$$a 21112476 =990 ##$$a 21112470 =990 ##$$a 21112473 =990 ##$$a 21112474 =990 ##$$a 211124724 =990 ##$$a 211124774 =990 ##$$a 21112478